| 000 | 00637nam a2200205Ia 4500 | ||
|---|---|---|---|
| 003 | OSt | ||
| 005 | 20240821154947.0 | ||
| 008 | 210210b1995 xxu||||| |||| 00| 0 eng d | ||
| 040 | _cAL | ||
| 041 | _aKannada | ||
| 082 | _a530.028K RAMB | ||
| 100 |
_aRAMAKRASHNARAV (H R) _9169776 _dರಾಮಕೃಷ್ಣರಾವ್ (ಎಚ್ ಆರ್) Ed |
||
| 245 |
_aBhautashastra puravani _bಭೌತಶಾಸ್ತ್ರ ಪುರವಣಿ |
||
| 260 |
_aHampi _bKannada Vishvavidyalaya _c1995 |
||
| 300 | _a57 | ||
| 650 |
_aPhysics practical I PUC _9169777 |
||
| 690 |
_aPhysics Practical _9169778 |
||
| 906 | _a050676 | ||
| 942 |
_2ddc _cBK |
||
| 999 |
_c98982 _d98982 |
||